Religion Quiz

Random Religion Quiz

The 72 Spirits of Solomon Quiz Stats

 Plays Quiz not verified by Sporcle

Support Sporcle.
Go Orange.
Score 0/72 Timer 08:00
0 Plays Today
Number Spirit % Correct
1Baal
80%
2Agares
63.3%
3Vassago
63.3%
5Marbas
63.3%
6Valefar
63.3%
16Zepar
63.3%
4Gamigin
60%
7Amon
60%
8Barbatos
60%
9Paimon
60%
10Buer
60%
11Gusoin
60%
12Sitri
60%
13Beleth
60%
15Eligor
60%
17Botis
60%
18Bathin
60%
19Sallos
60%
20Purson
60%
21Morax
60%
22Ipos
60%
24Naberius
60%
14Leraje
56.7%
23Aim
56.7%
25Glasya-Labolas
56.7%
26Buné
53.3%
28Berith
53.3%
29Astaroth
53.3%
30Forneus
53.3%
31Foras
53.3%
32Asmodeus
53.3%
27Ronové
50%
33Gäap
50%
34Furfur
50%
35Marchosias
50%
37Phenex
50%
Number Spirit % Correct
36Stolas
46.7%
38Halphas
46.7%
39Malphas
46.7%
40Räum
46.7%
41Focalor
46.7%
51Balam
46.7%
42Vepar
43.3%
43Sabnock
43.3%
44Shax
43.3%
49Crocell
43.3%
50Furcas
43.3%
53Caim
36.7%
45Viné
33.3%
46Bifrons
33.3%
47Vual
33.3%
48Häagenti
33.3%
54Murmur
33.3%
52Allocer
30%
55Orobas
30%
56Gremory
26.7%
57Osé
23.3%
58Amy
20%
59Orias
16.7%
60Vapula
16.7%
61Zagan
16.7%
62Valac
10%
63Andras
10%
64Flauros
10%
65Andrealphus
10%
71Dantalion
10%
72Andromalius
10%
66Kimaris
6.7%
69Decarabia
3.3%
70Seir
3.3%
67Amdusias
0%
68Belial
0%

You're not logged in!

Compare scores with friends on all Sporcle quizzes.
OR
Log In

From the Vault

Words Within Words 'V' Blitz

by Scuadrado

This quiz has a very valuable variety of vocabulary.
Remove Ads.
Support Sporcle.
Get the best of Sporcle when you Go Orange. This ad-free experience offers more features, more stats, and more fun while also helping to support Sporcle. Thank you for becoming a member.

Show Comments

Extras

Created Mar 7, 2011ReportNominate
Tags:demon, demonata

Top Quizzes Today


Score Distribution

Your Account Isn't Verified!

In order to create a playlist on Sporcle, you need to verify the email address you used during registration. Go to your Sporcle Settings to finish the process.

Report this User

Report this user for behavior that violates our Community Guidelines.

Details: